| 000 | 02122mam a2200337 a 4500 | ||
|---|---|---|---|
| 001 | 1999325 | ||
| 003 | ARRUPE | ||
| 005 | 20150127123745.0 | ||
| 008 | 960530s1997 enka b 001 0 eng | ||
| 010 | _a 96023820 | ||
| 020 | _a052146062X (hardcover) | ||
| 020 | _a0521599539 (pbk.) | ||
| 035 | _a(OCoLC)ocm35627501 | ||
| 040 |
_aDLC _cDLC _dOrLoB-B |
||
| 050 | 0 | 0 |
_aBF463.M4 _bF38 1997 |
| 082 | 0 | 0 |
_a153.4 _220 |
| 100 | 1 |
_aFauconnier, Gilles. _914666 |
|
| 245 | 1 | 0 |
_aMappings in thought and language / _cGilles Fauconnier. |
| 260 |
_aCambridge, U.K. ; _aNew York, NY, USA : _bCambridge University Press, _c1997. |
||
| 300 |
_aix, 205 p. : _bill. ; _c24 cm. |
||
| 504 | _aIncludes bibliographical references (p. [193]-201) and index. | ||
| 505 | 0 | 0 |
_g1. _tMappings -- _g2. _tMental-Space Connections -- _g3. _tTense and Mood -- _g4. _tAnalogical Counterfactuals -- _g5. _tMatching -- _g6. _tBlends. |
| 520 | _aMeaning in everyday thought and language is constructed at lightning speed. We are not conscious of the staggering complexity of the cognitive operations that drive our simplest behavior. This book examines a central component of meaning construction; the mappings that link mental spaces. A deep result of the research is the fact that the same principles operate at the highest levels of scientific, artistic, and literary thought as do the lower levels of elementary understanding and sentence meaning. | ||
| 520 | 8 | _aSome key cognitive operations are analogical mappings, conceptual integration and blending, discourse management, induction, and recursion. The analyses are based on a rich array of attested data in ordinary language, humor, action and design, science, and narratives. Phenomena that receive attention include counterfactuals; time, tense, and mood; opacity; metaphor; fictive motion; grammatical constructions; and quantification over cognitive domains. | |
| 650 | 0 |
_aMeaning (Psychology) _914667 |
|
| 650 | 0 |
_aSchemas (Psychology) _914668 |
|
| 650 | 0 |
_aCognitive maps (Psychology) _914669 |
|
| 650 | 0 |
_aPsycholinguistics. _914670 |
|
| 900 | _bTOC | ||
| 942 |
_2lcc _cMONOGRAPH |
||
| 999 |
_c121904 _d121904 |
||